000 00620nam a2200253Ia 4500
005 20260121153900.0
008 008 260114s9999 xx 000 0 eng d
020 _a9781315493855
037 _aEBOOK
040 _aCRL
040 _beng
040 _cCRL
041 _2eng
041 _aeng
084 _qCRL
100 _aKenneth M. Dolbeare; John F. Manley
_91000305
245 4 _aThe Case Against the Constitution
260 _bTaylor and Francis
260 _c1987
856 _uhttp://www.taylorfrancis.com/books/9781315493855
942 _cEBOOK
999 _c1567126
_d1567126